[Event "Bjelovar op 6th"]
[Site "Bjelovar"]
[Date "2014.08.04"]
[Round "3"]
[White "Mestrovic, Zvonimir"]
[Black "Zarko, Ivica"]
[Result "1-0"]
[WhiteElo "2311"]
[BlackElo "1950"]
[PlyCount "88"]
[EventDate "2014.08.03"]
[EventType "swiss"]
[EventRounds "7"]
[EventCountry "CRO"]
[SourceTitle "EXT 2019"]
[Source "ChessBase"]
[SourceDate "2018.10.10"]
[SourceVersion "1"]
[SourceVersionDate "2018.10.10"]
[SourceQuality "1"]

1. e4 b6 2. d4 Bb7 3. Nc3 Nf6 4. Bd3 e6 5. Nf3 c5 6. Qe2 cxd4 7. Nxd4 Nc6 8. Nxc6 Bxc6 9. 0-0 Be7 10. Rd1 Qc7 11. Bg5 d6 12. Nb5 Qb7 13. Bxf6 gxf6 14. Nd4 0-0 15. Qh5 Bxe4 16. Qg4+ Bg6 17. Nxe6 Qd7 18. Bf5 Rfe8 19. Nd4 Qa4 20. Bd7 Qb4 21. Bxe8 Rxe8 22. Qd7 Kf8 23. Nc6 Qc5 24. Nxe7 Rxe7 25. Qd8+ Re8 26. Qxd6+ Qxd6 27. Rxd6 Re2 28. Rc1 Ke7 29. Rc6 Kd7 30. Rc3 a5 31. Kf1 Rd2 32. Ke1 Rd6 33. Rd1 Rxd1+ 34. Kxd1 Kd6 35. b4 axb4 36. Rc4 f5 37. Rxb4 Kc5 38. a3 f6 39. Rf4 h5 40. Kd2 Kd5 41. Kc3 Ke5 42. g3 h4 43. Kb4 Be8 44. Kc4 Bd7 1-0

[Event "Velika Gorica op 10th"]
[Site "Velika Gorica"]
[Date "2012.08.20"]
[Round "1"]
[White "Zarko, Ivica"]
[Black "Djurovic, Goran"]
[Result "0-1"]
[WhiteElo "1929"]
[BlackElo "2378"]
[PlyCount "65"]
[EventDate "2012.08.20"]
[EventType "swiss"]
[EventRounds "9"]
[EventCountry "CRO"]
[SourceTitle "CBM 150 Extra"]
[Source "ChessBase"]
[SourceDate "2012.10.19"]
[SourceVersion "1"]
[SourceVersionDate "2012.10.19"]
[SourceQuality "1"]

1. d4 d6 2. Nf3 Bg4 3. Qd3 c6 4. e4 Nd7 5. Be2 e5 6. c3 Ngf6 7. 0-0 Be7 8. Nbd2 0-0 9. h3 Bh5 10. Re1 Bg6 11. Nh4 Re8 12. Nxg6 hxg6 13. Nf3 Qc7 14. a4 d5 15. Nd2 exd4 16. cxd4 dxe4 17. Qc2 Bb4 18. Rd1 a5 19. Nc4 Nd5 20. Ne3 N7b6 21. Nxd5 Nxd5 22. Bc4 Rad8 23. Be3 Qd7 24. Rac1 Qf5 25. Qe2 Rd7 26. g4 Qf6 27. Bd2 Bxd2 28. Qxd2 e3 29. fxe3 Nxe3 30. Re1 Rxd4 31. Rxe3 Rxd2 32. Rxe8+ Kh7 33. Rf1 0-1

[Event "Split op 2nd"]
[Site "Split"]
[Date "2012.08.18"]
[Round "8"]
[White "Banovac, Mirko"]
[Black "Zarko, Ivica"]
[Result "0-1"]
[WhiteElo "2115"]
[BlackElo "1927"]
[PlyCount "64"]
[EventDate "2012.08.11"]
[EventType "swiss"]
[EventRounds "9"]
[EventCountry "CRO"]
[SourceTitle "CBM 149 Extra"]
[Source "ChessBase"]
[SourceDate "2012.08.24"]
[SourceVersion "1"]
[SourceVersionDate "2012.08.24"]
[SourceQuality "1"]

1. Nf3 d5 2. b3 Bf5 3. Bb2 e6 4. e3 Nf6 5. h3 h6 6. Ne5 Nbd7 7. Nxd7 Nxd7 8. d4 Bd6 9. Nd2 0-0 10. Nf3 c6 11. Bd3 Qf6 12. Qe2 Bxd3 13. Qxd3 e5 14. dxe5 Nxe5 15. Nxe5 Bxe5 16. Bxe5 Qxe5 17. 0-0 a5 18. a4 Rae8 19. Rfd1 f5 20. Qd2 Qc7 21. g3 g5 22. Qc3 Re7 23. Qd3 Rg7 24. c4 f4 25. exf4 gxf4 26. g4 h5 27. cxd5 hxg4 28. d6 Qd7 29. Re1 g3 30. Qc4+ Kh8 31. Qe6 Qd8 32. f3 Qb6+ 0-1

[Event "CRO-chT3 Center-A"]
[Site "Zagreb"]
[Date "2011.10.30"]
[Round "11.45"]
[White "Zarko, Ivica"]
[Black "Kolmanic, Zvonko"]
[Result "1/2-1/2"]
[WhiteElo "1934"]
[BlackElo "2054"]
[PlyCount "94"]
[EventDate "2011.03.13"]
[EventType "team-tourn"]
[EventRounds "11"]
[EventCountry "CRO"]
[SourceTitle "EXT 2014"]
[Source "ChessBase"]
[SourceDate "2013.11.20"]
[SourceVersion "1"]
[SourceVersionDate "2013.11.20"]
[SourceQuality "1"]

1. Nf3 d5 2. g3 Nd7 3. d4 e6 4. Bg2 Bd6 5. 0-0 c6 6. Nbd2 Ngf6 7. c4 0-0 8. Qc2 Re8 9. Rd1 Qe7 10. e3 Bc7 11. b3 e5 12. dxe5 Nxe5 13. Bb2 dxc4 14. Nxc4 Nxc4 15. Qxc4 Be6 16. Qc2 Bd5 17. Rac1 Rad8 18. Bd4 a6 19. Qb2 Ng4 20. h3 Bxf3 21. Bxf3 Ne5 22. Bg2 f6 23. Qc2 Rd7 24. Bxe5 Bxe5 25. Qc4+ Kh8 26. a4 Red8 27. Rxd7 Qxd7 28. b4 Qe7 29. b5 cxb5 30. axb5 axb5 31. Qxb5 Bxg3 32. Qxb7 Qxb7 33. Bxb7 Bb8 34. e4 g6 35. Bd5 f5 36. f3 Kg7 37. Rb1 Kf6 38. Kg2 Bf4 39. h4 Rc8 40. Rb6+ Ke5 41. Re6+ Kd4 42. Rc6 Rb8 43. Rc2 Rb1 44. Ba2 Ra1 45. exf5 gxf5 46. Be6 Ke5 47. Bg8 h6 1/2-1/2

[Event "CRO-chT3 Center-A"]
[Site "Zagreb"]
[Date "2011.10.23"]
[Round "10.34"]
[White "Zarko, Ivica"]
[Black "Vajic, Hrvoje"]
[Result "0-1"]
[WhiteElo "1934"]
[BlackElo "2079"]
[PlyCount "118"]
[EventDate "2011.03.13"]
[EventType "team-tourn"]
[EventRounds "11"]
[EventCountry "CRO"]
[SourceTitle "EXT 2014"]
[Source "ChessBase"]
[SourceDate "2013.11.20"]
[SourceVersion "1"]
[SourceVersionDate "2013.11.20"]
[SourceQuality "1"]

1. d4 Nf6 2. Nf3 g6 3. b3 Bg7 4. Bb2 0-0 5. g3 d5 6. Bg2 c5 7. e3 Ne4 8. 0-0 Nc6 9. Nfd2 Nxd2 10. Qxd2 Bf5 11. c3 cxd4 12. cxd4 e6 13. Nc3 Qa5 14. a3 b5 15. b4 Qb6 16. Qe2 g5 17. Rfc1 a6 18. Na2 Rfc8 19. Bf1 Bf8 20. Bc3 Rcb8 21. Qd2 Be7 22. Bd3 Bxd3 23. Qxd3 Rd8 24. Rab1 Na7 25. Rc2 Nc8 26. Nc1 Nd6 27. Nb3 Nc4 28. Ra2 Qc6 29. Nc5 Rdb8 30. Nb3 Rc8 31. Be1 Bd8 32. Na5 Nxa5 33. bxa5 Qc4 34. Qxc4 Rxc4 35. Bb4 Rac8 36. Kf1 f6 37. Rbb2 Kf7 38. Ke2 Be7 39. Kd2 e5 40. dxe5 fxe5 41. f3 Ke6 42. Bxe7 Kxe7 43. Rb4 Kd6 44. f4 gxf4 45. gxf4 exf4 46. exf4 Rxb4 47. axb4 Rc4 48. Rb2 Rxf4 49. Ke3 Ke5 50. Kd3 Rf3+ 51. Ke2 Rh3 52. Kf1 Kd4 53. Kg2 Rc3 54. Rf2 Rc6 55. Rf8 Kc3 56. Rd8 d4 57. Kf1 d3 58. Ke1 Kc2 59. h4 Rc4 0-1

[Event "Split op 1st"]
[Site "Split"]
[Date "2011.08.05"]
[Round "1"]
[White "Licina, Zoran"]
[Black "Zarko, Ivica"]
[Result "1-0"]
[WhiteElo "2273"]
[BlackElo "1923"]
[PlyCount "91"]
[EventDate "2011.08.05"]
[EventType "swiss"]
[EventRounds "9"]
[EventCountry "CRO"]
[SourceTitle "CBM 143 Extra"]
[Source "ChessBase"]
[SourceDate "2011.08.29"]
[SourceVersion "1"]
[SourceVersionDate "2011.08.29"]
[SourceQuality "1"]

1. e4 c5 2. Nf3 g6 3. d4 cxd4 4. Nxd4 Bg7 5. c4 Nc6 6. Be3 Nf6 7. Nc3 d6 8. Be2 Bd7 9. 0-0 0-0 10. Nc2 a5 11. f3 Nb4 12. Nd4 Nc6 13. Ndb5 Ne5 14. Qb3 Bc6 15. c5 Bxb5 16. Bxb5 Nfd7 17. cxd6 exd6 18. Rad1 Qh4 19. g3 Qh5 20. Be2 Nc5 21. Qd5 Ne6 22. Qxd6 Rfd8 23. Qb6 Rxd1 24. Nxd1 Ng5 25. Bxg5 Qxg5 26. f4 Qe7 27. fxe5 Bxe5 28. Bc4 Rf8 29. Nc3 Qd7 30. Nd5 Kg7 31. b3 a4 32. Qe3 b5 33. Bd3 axb3 34. axb3 b4 35. Kg2 Qd6 36. Qb6 Qd7 37. Qxb4 Rb8 38. Qc4 Ra8 39. Rf2 Ra1 40. b4 Qg4 41. Ne3 Qd7 42. Qd5 Qe7 43. Bc4 f6 44. Qg8+ Kh6 45. Ng4+ Kh5 46. Be2 1-0

[Event "Zagreb Dan pobjede"]
[Site "Zagreb"]
[Date "2009.08.09"]
[Round "13"]
[White "Zarko, Ivica"]
[Black "Lukacin, Denis"]
[Result "1/2-1/2"]
[WhiteElo "1968"]
[BlackElo "1855"]
[PlyCount "111"]
[EventDate "2009.05.17"]
[EventType "tourn"]
[EventRounds "13"]
[EventCountry "CRO"]
[SourceTitle "EXT 2012"]
[Source "ChessBase"]
[SourceDate "2011.11.24"]
[SourceVersion "1"]
[SourceVersionDate "2011.11.24"]
[SourceQuality "1"]

1. e4 Nf6 2. e5 Nd5 3. c4 Nb6 4. c5 Nd5 5. Bc4 e6 6. d4 d6 7. cxd6 cxd6 8. Nf3 dxe5 9. dxe5 Bb4+ 10. Bd2 Nc6 11. 0-0 0-0 12. a3 Bxd2 13. Nbxd2 Nb6 14. Ba2 Qc7 15. Rc1 Rd8 16. Qe2 Qd7 17. Bb1 Qd5 18. Rfe1 a5 19. Be4 Nd4 20. Nxd4 Qxd4 21. Nf3 Qd7 22. Ng5 h6 23. Rcd1 Qe7 24. Bh7+ Kf8 25. Rxd8+ Qxd8 26. Ne4 Bd7 27. Nd6 Bc6 28. Be4 Nd5 29. Qh5 Qe7 30. Qd1 Rd8 31. Bxd5 exd5 32. f4 Qe6 33. f5 Qe7 34. Qd2 f6 35. b4 fxe5 36. b5 Qxd6 37. bxc6 bxc6 38. f6 e4 39. fxg7+ Kg8 40. Qxa5 Rd7 41. Qa8+ Kxg7 42. Qe8 Rf7 43. Re3 Qf4 44. Rg3+ Kf6 45. Qxc6+ Ke5 46. Qc3+ Kd6 47. Rg6+ Ke7 48. Qc5+ Kd7 49. Qc6+ Kd8 50. Rd6+ Ke7 51. Re6+ Kf8 52. Re8+ Kg7 53. Qc3+ Qf6 54. Qg3+ Qg5 55. Qc3+ Qf6 56. Qg3+ 1/2-1/2

[Event "Zagreb Dan pobjede"]
[Site "Zagreb"]
[Date "2009.06.28"]
[Round "7"]
[White "Zarko, Ivica"]
[Black "Srebro, Mira"]
[Result "1-0"]
[WhiteElo "1968"]
[BlackElo "1593"]
[PlyCount "122"]
[EventDate "2009.05.17"]
[EventType "tourn"]
[EventRounds "13"]
[EventCountry "CRO"]
[SourceTitle "EXT 2012"]
[Source "ChessBase"]
[SourceDate "2011.11.24"]
[SourceVersion "1"]
[SourceVersionDate "2011.11.24"]
[SourceQuality "1"]

1. Nf3 d5 2. d4 Bg4 3. Nbd2 Bxf3 4. Nxf3 e6 5. Bf4 f6 6. e3 h5 7. h4 Bb4+ 8. c3 Bd6 9. Bxd6 Qxd6 10. Bd3 Nd7 11. Bg6+ Kd8 12. Bc2 Ne7 13. Qe2 a6 14. 0-0-0 b5 15. Kb1 Nb6 16. e4 Nc4 17. Rhe1 b4 18. e5 Qb6 19. exf6 gxf6 20. Qxe6 Qxe6 21. Rxe6 bxc3 22. bxc3 Rb8+ 23. Bb3 a5 24. Kc1 Rb6 25. Rde1 Nc8 26. Bxc4 dxc4 27. Nd2 Nd6 28. Ne4 f5 29. Nxd6 cxd6 30. Re7 Rb5 31. Ra7 Kc8 32. Ra8+ Rb8 33. Rxa5 Kd7 34. Rxf5 Rb6 35. a4 Rhb8 36. Rb5 Rxb5 37. axb5 Rxb5 38. Kc2 Rf5 39. Re2 Ra5 40. Kb2 Rb5+ 41. Kc1 Rb3 42. Rc2 Ke6 43. Kd2 Rb1 44. Ke3 Re1+ 45. Kf3 Rd1 46. Kf4 Kf6 47. f3 Rb1 48. g4 hxg4 49. fxg4 Rh1 50. h5 d5 51. Rf2 Rh3 52. Rf3 Rh1 53. g5+ Ke6 54. Re3+ Kd6 55. h6 Rf1+ 56. Kg4 Rg1+ 57. Rg3 Rd1 58. g6 Rd3 59. Rxd3 cxd3 60. Kf3 Ke6 61. h7 d2 1-0

[Event "Zagreb Dan pobjede"]
[Site "Zagreb"]
[Date "2009.06.14"]
[Round "5"]
[White "Novakovic, Ivan"]
[Black "Zarko, Ivica"]
[Result "0-1"]
[WhiteElo "1913"]
[BlackElo "1968"]
[PlyCount "96"]
[EventDate "2009.05.17"]
[EventType "tourn"]
[EventRounds "13"]
[EventCountry "CRO"]
[SourceTitle "EXT 2012"]
[Source "ChessBase"]
[SourceDate "2011.11.24"]
[SourceVersion "1"]
[SourceVersionDate "2011.11.24"]
[SourceQuality "1"]

1. e4 d5 2. e5 Bf5 3. d4 e6 4. Bd3 Ne7 5. Nf3 c6 6. 0-0 Nd7 7. b4 Qb6 8. c3 a5 9. bxa5 Rxa5 10. Ba3 Bxd3 11. Qxd3 Qa6 12. Qxa6 Rxa6 13. g4 h5 14. g5 g6 15. Nh4 c5 16. f4 Nc6 17. Nf3 cxd4 18. Bxf8 Rxf8 19. cxd4 Ra4 20. Nc3 Rc4 21. Nb5 Ke7 22. Nd6 Rb4 23. Rfb1 Rb8 24. Rd1 Ra8 25. Rab1 Raa4 26. Rbc1 Rxa2 27. Ra1 Rxa1 28. Rxa1 Nb6 29. Nxb7 Nxd4 30. Nxd4 Rxd4 31. Nd6 Rxf4 32. Ra7+ Kf8 33. Rb7 Nc4 34. Rb8+ Ke7 35. Rb7+ Kd8 36. Nxf7+ Ke8 37. Nh6 Nxe5 38. Kg2 d4 39. Kg3 Rf3+ 40. Kg2 d3 41. Rb2 Rf4 42. Ng8 Rg4+ 43. Kf2 Rxg5 44. Nf6+ Ke7 45. Ne4 Rf5+ 46. Kg3 h4+ 47. Kg2 Nc4 48. Rb4 d2 0-1

[Event "Velika Gorica op 8th"]
[Site "Velika Gorica"]
[Date "2008.08.23"]
[Round "1"]
[White "Martinovic, Sasa"]
[Black "Zarko, Ivica"]
[Result "1-0"]
[WhiteElo "2395"]
[BlackElo "2005"]
[PlyCount "71"]
[EventDate "2008.08.23"]
[EventType "swiss"]
[EventRounds "9"]
[EventCountry "CRO"]
[SourceTitle "CBM 126 Extra"]
[Source "ChessBase"]
[SourceDate "2008.11.05"]
[SourceVersion "1"]
[SourceVersionDate "2008.11.05"]
[SourceQuality "1"]

1. d4 d5 2. c4 e6 3. Nc3 c5 4. cxd5 exd5 5. Nf3 Nc6 6. g3 c4 7. Bg2 Bb4 8. 0-0 Nge7 9. a3 Ba5 10. Nh4 0-0 11. e3 Be6 12. Bd2 Bxc3 13. Bxc3 Qd7 14. Re1 Rad8 15. b3 b5 16. Rb1 Bh3 17. Bh1 g5 18. Nf3 Bf5 19. Rb2 h6 20. bxc4 bxc4 21. Ne5 Qd6 22. Qa4 Rb8 23. Ree2 Rxb2 24. Rxb2 Rb8 25. Nxc6 Nxc6 26. Rxb8+ Qxb8 27. Qd1 Qb5 28. a4 Qa6 29. Bxd5 Ne7 30. Bg2 Bd3 31. d5 Qg6 32. Qg4 Qb6 33. h4 Qb1+ 34. Kh2 f5 35. Qd4 Kf7 36. d6 1-0

[Event "Zagreb op-B"]
[Site "Zagreb"]
[Date "2008.05.15"]
[Round "4"]
[White "Zarko, Ivica"]
[Black "Frouth, Nenad"]
[Result "0-1"]
[WhiteElo "2037"]
[BlackElo "2211"]
[PlyCount "70"]
[EventDate "2008.05.12"]
[EventType "swiss"]
[EventRounds "9"]
[EventCountry "CRO"]
[SourceTitle "CBM 124 Extra"]
[Source "ChessBase"]
[SourceDate "2008.07.03"]
[SourceVersion "1"]
[SourceVersionDate "2008.07.03"]
[SourceQuality "1"]

1. Nf3 Nf6 2. c4 g6 3. b4 Bg7 4. Bb2 0-0 5. g3 c5 6. b5 a6 7. a4 axb5 8. axb5 Rxa1 9. Bxa1 d5 10. cxd5 Qa5 11. Nc3 Rd8 12. Qa4 Qb4 13. Qxb4 cxb4 14. Na4 Rxd5 15. e3 Bg4 16. Nd4 e5 17. Nb3 Bf3 18. Rg1 Ne8 19. Bc4 Rd8 20. d4 Nd6 21. Be2 Bxe2 22. Kxe2 exd4 23. Nxd4 Bxd4 24. Bxd4 Nxb5 25. Bf6 Rd6 26. Be5 Ra6 27. Nc5 Ra2+ 28. Kf3 Nc6 29. Bf6 Nc3 30. Nxb7 Nd5 31. Nd8 Nxd8 32. Bxd8 b3 33. Rd1 b2 34. Rxd5 b1Q 35. Rd4 Qf5+ 0-1

[Event "Zupanja op-B 2nd"]
[Site "Zupanja"]
[Date "2008.01.05"]
[Round "4"]
[White "Stojanovic, Marija R"]
[Black "Zarko, Ivica"]
[Result "1/2-1/2"]
[WhiteElo "2164"]
[BlackElo "2037"]
[PlyCount "51"]
[EventDate "2008.01.03"]
[EventType "swiss"]
[EventRounds "9"]
[EventCountry "CRO"]
[SourceTitle "CBM 122 Extra"]
[Source "ChessBase"]
[SourceDate "2008.03.04"]
[SourceVersion "1"]
[SourceVersionDate "2008.03.04"]
[SourceQuality "1"]

1. e4 g6 2. d4 Bg7 3. Nf3 d6 4. Bc4 Nf6 5. Nc3 0-0 6. Qe2 c6 7. e5 dxe5 8. dxe5 Nd5 9. Bd2 Be6 10. Ne4 Nc7 11. 0-0-0 Bxc4 12. Qxc4 Qd5 13. Qxd5 cxd5 14. Nc5 b6 15. Nd3 e6 16. Nd4 Nd7 17. Bb4 Rfe8 18. Bd6 Na6 19. Rhe1 Bf8 20. Bxf8 Kxf8 21. b3 Rec8 22. Kb2 Ndc5 23. f3 Nxd3+ 24. Rxd3 Nb4 25. Rd2 a6 26. c3 1/2-1/2

[Event "Zupanja op-B 2nd"]
[Site "Zupanja"]
[Date "2008.01.04"]
[Round "2"]
[White "Bajramovic, Halid"]
[Black "Zarko, Ivica"]
[Result "1-0"]
[WhiteElo "2216"]
[BlackElo "2037"]
[PlyCount "99"]
[EventDate "2008.01.03"]
[EventType "swiss"]
[EventRounds "9"]
[EventCountry "CRO"]
[SourceTitle "CBM 122 Extra"]
[Source "ChessBase"]
[SourceDate "2008.03.04"]
[SourceVersion "1"]
[SourceVersionDate "2008.03.04"]
[SourceQuality "1"]

1. d4 d5 2. c4 c5 3. cxd5 e6 4. dxc5 Bxc5 5. Nc3 Nf6 6. dxe6 Qxd1+ 7. Nxd1 Bxe6 8. e3 0-0 9. a3 Nc6 10. b4 Bxb4+ 11. axb4 Nxb4 12. Bb2 Nc2+ 13. Kd2 Nxa1 14. Bxa1 Ne4+ 15. Ke1 Rac8 16. Ne2 Rfd8 17. Bd4 b6 18. f3 Nd6 19. Ndc3 Nf5 20. Kd2 h5 21. Rg1 Kf8 22. g4 hxg4 23. fxg4 Nh4 24. Rg3 Ng6 25. Ke1 Ne7 26. Bg2 Nc6 27. Bxc6 Rxc6 28. h4 f6 29. g5 Kf7 30. h5 fxg5 31. Rxg5 Rg8 32. Nf4 Bb3 33. Ng6 Re6 34. Ne2 Bc2 35. Nef4 Rd6 36. Ne5+ Kf8 37. Rg2 Be4 38. Ra2 a5 39. Bxb6 Rxb6 40. Nd7+ Ke7 41. Nxb6 Rb8 42. Rxa5 Kf7 43. Rb5 Rb7 44. Nc4 Rxb5 45. Nd6+ Kf6 46. Nxb5 g5 47. hxg6 Ke5 48. Nd4 Kf6 49. Kf2 Kg7 50. Kg3 1-0

[Event "Velika Gorica op 6th"]
[Site "Velika Gorica"]
[Date "2006.08.19"]
[Round "1"]
[White "Zivkovic, Vjekoslav"]
[Black "Zarko, Ivica"]
[Result "1-0"]
[WhiteElo "2407"]
[BlackElo "2017"]
[PlyCount "120"]
[EventDate "2006.08.19"]
[EventType "swiss"]
[EventRounds "9"]
[EventCountry "CRO"]
[SourceTitle "CBM 113 Extra"]
[Source "ChessBase"]
[SourceDate "2006.09.14"]
[SourceVersion "1"]
[SourceVersionDate "2006.09.14"]
[SourceQuality "1"]

1. e4 e5 2. Nf3 Nc6 3. Bb5 a6 4. Ba4 Nf6 5. 0-0 Nxe4 6. d4 b5 7. Bb3 d5 8. dxe5 Be6 9. Be3 Be7 10. Nbd2 Nc5 11. c3 Nxb3 12. Nxb3 0-0 13. Nbd4 Nxd4 14. cxd4 c6 15. Ne1 f6 16. exf6 Bxf6 17. Nd3 Be7 18. Rc1 Rc8 19. Bf4 Bf5 20. Be5 Bxd3 21. Qxd3 c5 22. dxc5 Bxc5 23. Rcd1 d4 24. Bxd4 Bxd4 25. Qxd4 Qxd4 26. Rxd4 Rc2 27. Rb4 Rd8 28. a4 bxa4 29. Rxa4 Rxb2 30. Rxa6 Rdd2 31. Ra7 Ra2 32. Rxa2 Rxa2 33. g3 g6 34. Kg2 Kf7 35. Rb1 h5 36. Rb3 Kf6 37. Kf3 Ra5 38. Rd3 Kf5 39. h3 g5 40. Rd6 g4+ 41. Kg2 Rb5 42. Rh6 Kg5 43. Rc6 Kf5 44. h4 Ra5 45. Rh6 Ke4 46. Rg6 Rb5 47. Rf6 Ra5 48. Kf1 Ra1+ 49. Kg2 Ra5 50. Rf4+ Ke5 51. Kf1 Ke6 52. Ke2 Ra3 53. Rf8 Rf3 54. Rxf3 gxf3+ 55. Kxf3 Kf5 56. g4+ hxg4+ 57. Kg3 Kf6 58. Kxg4 Kg6 59. f4 Kf6 60. h5 Kf7 1-0

[Event "Velika Gorica op 5th"]
[Site "Velika Gorica"]
[Date "2005.08.27"]
[Round "9"]
[White "Zarko, Ivica"]
[Black "Vadla, Zeljko"]
[Result "0-1"]
[WhiteElo "2002"]
[BlackElo "2231"]
[PlyCount "116"]
[EventDate "2005.08.20"]
[EventType "swiss"]
[EventRounds "9"]
[EventCountry "CRO"]
[SourceTitle "CBM 108 Extra"]
[Source "ChessBase"]
[SourceDate "2005.11.04"]
[SourceVersion "1"]
[SourceVersionDate "2005.11.04"]
[SourceQuality "1"]

1. d4 Nf6 2. c4 e6 3. Nf3 b6 4. e3 Bb7 5. Bd3 Be7 6. Nc3 d5 7. 0-0 0-0 8. b3 Nbd7 9. Bb2 c5 10. Qe2 Re8 11. cxd5 exd5 12. Rac1 Bd6 13. Qc2 Rc8 14. Qb1 Bb8 15. Rfe1 a6 16. Bf5 g6 17. Bh3 c4 18. b4 Qe7 19. a3 Rcd8 20. Ne2 Ne4 21. Bxd7 Rxd7 22. Ng3 Nf6 23. Ne5 Rdd8 24. f4 Nd7 25. Qc2 f6 26. Ng4 b5 27. Nh6+ Kh8 28. Ng4 Kg7 29. Qe2 Qf7 30. Qf3 h5 31. Nf2 f5 32. Nh3 Nf6 33. Ng5 Qd7 34. h3 h4 35. Nh1 Re7 36. Rf1 Rde8 37. Rce1 Ne4 38. Nxe4 Rxe4 39. Bc3 Qc7 40. Nf2 R4e6 41. Re2 g5 42. Rfe1 Rg6 43. Nh1 Qd6 44. Kf1 g4 45. hxg4 fxg4 46. Qf2 g3 47. Qf3 Re4 48. Ra2 Qf6 49. Rc2 Bxf4 50. Qxe4 dxe4 51. exf4 Qxf4+ 52. Kg1 Bd5 53. Bd2 Qf5 54. Rf1 Qg4 55. Be3 Rf6 56. Rxf6 Kxf6 57. Rc1 Qe2 58. Rf1+ Kg6 0-1

[Event "Velika Gorica op 5th"]
[Site "Velika Gorica"]
[Date "2005.08.23"]
[Round "5"]
[White "Matic, Zeljko"]
[Black "Zarko, Ivica"]
[Result "1/2-1/2"]
[WhiteElo "2197"]
[BlackElo "2002"]
[PlyCount "79"]
[EventDate "2005.08.20"]
[EventType "swiss"]
[EventRounds "9"]
[EventCountry "CRO"]
[SourceTitle "CBM 108 Extra"]
[Source "ChessBase"]
[SourceDate "2005.11.04"]
[SourceVersion "1"]
[SourceVersionDate "2005.11.04"]
[SourceQuality "1"]

1. d4 d5 2. c4 c6 3. Nc3 Nf6 4. e3 Bf5 5. cxd5 cxd5 6. Qb3 Qd7 7. Bb5 Nc6 8. Nf3 e6 9. Ne5 Qc7 10. Qa4 Rc8 11. Qxa7 Bd6 12. Nxc6 bxc6 13. Qxc7 Rxc7 14. Be2 Ke7 15. f3 Bb4 16. Bd2 Ra8 17. Kf2 Rb7 18. Rhc1 Ba5 19. b3 Bb4 20. a4 Ba5 21. Bd1 Bd3 22. Ra2 Kd7 23. Ne2 Bc7 24. Nf4 Ba6 25. h4 h6 26. Ne2 g5 27. hxg5 hxg5 28. Nc3 Nh5 29. g4 Ng3 30. Bc2 Rh8 31. Rg1 Rh2+ 32. Rg2 Rh3 33. f4 gxf4 34. exf4 Nf1 35. Nb1 Nxd2 36. Nxd2 Bxf4 37. Nf3 f6 38. Ra1 c5 39. dxc5 d4 40. c6+ 1/2-1/2

[Event "Zadar op"]
[Site "Zadar"]
[Date "2004.12.13"]
[Round "1"]
[White "Zarko, Ivica"]
[Black "Fercec, Nenad"]
[Result "0-1"]
[WhiteElo "2050"]
[BlackElo "2477"]
[PlyCount "126"]
[EventDate "2004.12.13"]
[EventType "swiss"]
[EventRounds "9"]
[EventCountry "CRO"]
[SourceTitle "CBM 103 Extra"]
[Source "ChessBase"]
[SourceDate "2005.01.01"]
[SourceVersion "1"]
[SourceVersionDate "2005.01.01"]
[SourceQuality "1"]

1. b4 c6 2. Bb2 a5 3. a3 Qb6 4. c4 axb4 5. c5 Qc7 6. axb4 Rxa1 7. Bxa1 Na6 8. Bc3 Nf6 9. e3 Nd5 10. Qb3 b6 11. d4 Qb7 12. Bc4 bxc5 13. bxc5 Qxb3 14. Bxb3 d6 15. Bxd5 cxd5 16. cxd6 e6 17. Nf3 Bxd6 18. 0-0 Bd7 19. Nbd2 Ke7 20. Ra1 Rc8 21. Rxa6 Rxc3 22. g3 f6 23. Kg2 Rd3 24. Rb6 Rc3 25. e4 Bc6 26. e5 fxe5 27. dxe5 Bc7 28. Rb4 d4 29. Rxd4 Bxe5 30. Rb4 Bd6 31. Rb2 Rd3 32. Rb6 Bd5 33. Rb2 g5 34. h3 h5 35. g4 hxg4 36. hxg4 Bf4 37. Kf1 Bxf3 38. Nxf3 Rxf3 39. Ke2 Rc3 40. Rb7+ Kd6 41. Rb6+ Kd5 42. Rb7 e5 43. Rb4 Rc2+ 44. Kf1 e4 45. Rb5+ Kd4 46. Rb7 e3 47. fxe3+ Kxe3 48. Rb3+ Ke4 49. Ra3 Be3 50. Ra8 Kf3 51. Rf8+ Bf4 52. Re8 Rc1+ 53. Re1 Rxe1+ 54. Kxe1 Kxg4 55. Kf2 Kh3 56. Kg1 g4 57. Kh1 g3 58. Kg1 Kg4 59. Kg2 Bg5 60. Kg1 Kf3 61. Kh1 Bh6 62. Kg1 Be3+ 63. Kf1 g2+ 0-1